|
|
|
|
| LEADER |
01394nam a2200289 u 4500 |
| 001 |
10030785 |
| 003 |
GR-PaULI |
| 005 |
20220411134421.0 |
| 008 |
991029s1999 uk eng |
| 952 |
|
|
|0 0
|1 0
|2 ddc
|4 0
|6 Π_Σ_188_000000000000000_ΣΕΝ
|7 0
|9 200190
|a LISP
|b LISP
|c REF
|d 2016-04-24
|i 052070
|l 1
|m 1
|o Π/Σ 188 ΣΕΝ
|p 025000067832
|r 2020-10-06 00:00:00
|s 2020-06-30
|t 1
|v 2016.00
|w 2016-04-24
|y BKN
|
| 952 |
|
|
|0 0
|1 0
|4 0
|6 872_010000000000000_SEN
|7 0
|9 200191
|a LTRT
|b LTRT
|d 2016-04-24
|i 003132
|l 0
|o 872.01 SEN
|p 025000114469
|r 2016-04-24 00:00:00
|t 2
|w 2016-04-24
|y BKN
|
| 999 |
|
|
|c 122678
|d 122678
|
| 020 |
|
|
|a 0521337135
|
| 040 |
|
|
|a GR-PaULI
|c GR-PaULI
|b gre
|e AACR2
|
| 041 |
0 |
|
|a eng
|a lat
|
| 082 |
0 |
4 |
|a 188
|2 23
|
| 100 |
0 |
|
|9 186215
|a Σενέκας, Λούκιος Ανναίος,
|d 4 π.Χ.-65 μ.Χ.
|e συγγραφέας.
|
| 245 |
1 |
0 |
|a Phaedra /
|c Seneca ; edited by Michael Coffey and Roland Mayer.
|
| 260 |
|
|
|a Cambridge ;
|a New York :
|b Cambridge University Press,
|c 1999.
|
| 300 |
|
|
|a x, 219 σ. ;
|c 20 εκ.
|
| 490 |
1 |
|
|a Cambridge Greek and Latin classics
|
| 504 |
|
|
|a Περιλαμβάνει βιβλιογραφία και ευρετήριο.
|
| 700 |
1 |
|
|a Coffey, Michael
|4
|9 154161
|e επιμελητής.
|
| 700 |
1 |
|
|a Mayer, Ronald
|4
|9 154162
|e επιμελητής.
|
| 830 |
|
0 |
|9 156116
|a Cambridge Greek and Latin classics
|
| 942 |
|
|
|2 ddc
|c BKN
|
| 998 |
|
|
|c ΠΑΝΑΓΟΠΟΥΛΟΥ
|d 1999-11
|